Reglas de vida / (Record n. 32156)

Dettagli MARC
000 -LEADER
fixed length control field 00789nam a2200205 i 4500
003 - CONTROL NUMBER IDENTIFIER
control field IT-RoINE
005 - DATE AND TIME OF LATEST TRANSACTION
control field 20191004055808.0
008 - FIXED-LENGTH DATA ELEMENTS--GENERAL INFORMATION
fixed length control field 900725s1992 sp r | spa d
040 ## - CATALOGING SOURCE
Original cataloging agency SpMaBN
Transcribing agency A2 IT-RoINE
Modifying agency IT-RoINE
110 2# - MAIN ENTRY--CORPORATE NAME
Corporate name or jurisdiction name as entry element Congregación de las Hermanas de la Caridad de Santa Ana (Zaragoza, España)
9 (RLIN) 63067
245 10 - TITLE STATEMENT
Title Reglas de vida /
Statement of responsibility, etc Congregación de las Hermanas de la Caridad de Santa Ana de Zaragoza.
260 ## - PUBLICATION, DISTRIBUTION, ETC. (IMPRINT)
Place of publication, distribution, etc Zaragoza :
Name of publisher, distributor, etc [Imprenta Torcal],
Date of publication, distribution, etc 1992.
300 ## - PHYSICAL DESCRIPTION
Extent 100 p. ;
Dimensions 15 cm.
336 ## - CONTENT TYPE
Source rdacontent
Content type term text
337 ## - MEDIA TYPE
Source rdamedia
Media type term unmediated
338 ## - CARRIER TYPE
Source rdacarrier
Carrier type term volume
610 24 - SUBJECT ADDED ENTRY--CORPORATE NAME
Corporate name or jurisdiction name as entry element Congregación de las Hermanas de la Caridad de Santa Ana (Zaragoza, España)
General subdivision Reglas
9 (RLIN) 63068
650 #4 - SUBJECT ADDED ENTRY--TOPICAL TERM
9 (RLIN) 8293
Topical term or geographic name as entry element Monacato y órdenes religiosas
General subdivision Reglas
942 ## - ADDED ENTRY ELEMENTS (KOHA)
Item type Monografías
Dati di copia
Withdrawn status Lost status Damaged status Not for loan Home library Current library Date acquired Total Checkouts Full call number Barcode Date last seen Price effective from Koha item type
        Iglesia Nacional Española en Roma Iglesia Nacional Española en Roma 04/10/2019   FUE.HIS.ECL 70 58855 04/10/2019 04/10/2019 Monografías